| 000 | 01099cam a22002055a 4500 | ||
|---|---|---|---|
| 008 | 230320s2023 xxk f g 000 0 eng d | ||
| 041 | 0 | _aeng | |
| 245 | 0 | 0 |
_aPower v Shah _h[electronic resource] |
| 260 |
_bCA (Civ Div), _c7 March 2023 |
||
| 520 | _a[2023] EWCA Civ 239, 9 March 2023. Appeal dismissed. The dispute resolution mechanism provided for by the Party Wall etc. Act 1996 s.10 was only available where a building owner had served a party structure notice on their adjoining neighbour pursuant to s.3 of the Act in advance of proposed works to a party wall. An adjoining owner was not entitled unilaterally to invoke the Act and its dispute resolution mechanism if no s.3 notice had been served. | ||
| 520 | _a(1) Ken Power (2) Lee Kyson v Raheel Shah | ||
| 590 | _aKA | ||
| 650 | 2 | 4 | _aParty Wall etc. Act 1996 |
| 650 | 2 | 4 | _aPARTY WALLS |
| 650 | 2 | 4 | _aNEIGHBOUR DISPUTES |
| 651 | 4 | _aUnited Kingdom | |
| 690 |
_aParty walls _96258 |
||
| 856 | 4 | 0 |
_uhttps://caselaw.nationalarchives.gov.uk/ewca/civ/2023/239 _zView the law report free of charge at caselaw archives |
| 942 |
_n0 _2ddc |
||
| 999 |
_c121398 _d121398 |
||